[Event "Club Championships"]
[Site "Wellington Chess Club"]
[Date "2013.08.29"]
[Round "5"]
[White "Forster, Bill"]
[Black "Stone, Andrew"]
[Result "1-0"]
[WhiteElo "2071"]
[BlackElo "2076"]

1. Nf3 Nf6 2. g3 g6 3. Bg2 Bg7 4. O-O O-O 5. c4 c6 6. b3 Ne4 7. d4 d5 8. Bb2
Nd7 9. Ne1 $2 {This is a horrible mistake. I've noticed a lot of times playing
the Dutch against Russell Dive that he often responds to Ne4 with Ne1-d3 and
good things seem to happen (for him). But this is not a Dutch and I bet Russell
would take into account whether he was allowing ...e5 for free! An interesting
question for the readers (are there any?). This position has occurred many
times in master praxis. White normally develops with Nc3 or Nbd2. But the great
player Bent Larsen once played Qc1 here, a move that is Critter's first choice
and Houdini's second. I don't understand the point of Qc1. If you do please
email and I will update!} 9... e5 $1 {Of course. Naturally after thinking about
Ne1 for a while I only noticed this problem the instant I dropped the knight on
e1. If god exists he has a sense of humour.} 10. cxd5 cxd5 11. Nc3 Nxc3 12.
Bxc3 e4 13. f4 {I thought this was a way to get a playable position with just a
slight disadvantage. Black has a one time opportunity to capture en-passant,
which would lead to a completely different, unbalanced and lively position, not
a bad result after a terrible early setback. I avoided f3 because capturing
f3xe4 seemed less attractive for me than Black's e4xf3 option. } 13... f5 14.
e3 (14. Bb4 {with the idea of Bd6-e5 liquidating the bad bishop fails to }
14... Qb6 15. Bxf8 Qxd4+) 14... Nf6 15. Rf2 {The quickest way to double on the
c file} 15... b6 ( {I could live with} 15... Ng4 16. Re2 {because I can then
kick the knight away and resume my plan} ) 16. Rc2 Ba6 17. Bb4 Re8 18. Rac1
{The c file idea has been sufficient to equalise} 18... Qd7 $2 {Unnecessarily
accelerating the c file play} 19. Rc7 Qb5 20. Bd6 {heading to e5} 20... Ng4 21.
R1c3 Qe2 22. Qxe2 Bxe2 23. Be5 ( {I avoided} 23. h3 Nxe3 {because of} 24. Rxe3
( {I didn't notice} 24. Rxg7+ $1) 24... Bxd4) 23... Nxe5 24. dxe5 {I captured
this way because my accursed knight now gets a nice square that's only two
moves away.} 24... Bf8 25. Nc2 Bd3 26. Nd4 Bc5 $2 {#Diagram} 27. Bf1 $2 (27.
Rxd3 $1 {wins. Annoying as I noticed the idea earlier and forgot it when the
opportunity was real} ) 27... Bxf1 28. Kxf1 {White is better because he has a
better minor piece and for now black cannot challenge on the c file} 28... Rec8
$4 {I must admit I was hoping for this}  ( {I'd also noted that} 28... Re7 $2 {
is bad too} 29. R3xc5 bxc5 30. Rxe7 cxd4 31. exd4) 29. Rxc8+ Rxc8 30. b4 a5 31.
bxc5 bxc5 32. Ne6 Rb8 33. Nxc5 Rb1+ 34. Kg2 Rb2+ 35. Kh3 Rxa2 36. Nd7 a4 37. e6
h6 38. Rc8+ Kg7 39. e7 g5 {sneaky} 40. fxg5 (40. e8=Q $4 g4+ 41. Kh4 Rxh2#
{would have been slightly disappointing} ) 40... hxg5 41. e8=Q 1-0

[Event "Club Championships"]
[Site "Wellington Chess Club"]
[Date "2013.08.29"]
[Round "5"]
[White "Jackson, Ross"]
[Black "Stoeveken, Peter"]
[Result "1-0"]
[WhiteElo "1990"]
[BlackElo "1910"]

1. d4 Nf6 2. c4 d5 3. cxd5 Nxd5 4. e4 Nf6 5. Nc3 Bg4 6. Be2 Bxe2 7. Ngxe2 e6 8.
O-O Be7 9. f3 a6 10. Be3 Nbd7 11. Rc1 Rc8 12. Qb3 Rb8 13. e5 Ng8 14. f4
{#Diagram Black's has neglected his development} 14... c6 {One feeble move too
many}  (14... Nh6 {was mandatory, but escaping the opening intact remains a big
challenge} ) 15. f5 $1 {Setting insoluble problems} 15... Qb6 16. fxe6 fxe6 17.
Qxe6 Nh6 18. Bxh6 gxh6 19. Rf7 Qd8 20. Ne4 {Completing a brutal finish} 1-0

[Event "Club Championships"]
[Site "Wellington Chess Club"]
[Date "2013.08.29"]
[Round "5"]
[White "Kay, Bruce"]
[Black "Roberts, Michael"]
[Result "0-1"]
[WhiteElo "1825"]
[BlackElo "1781"]

1. d4 Nf6 2. c4 g6 3. Nc3 d5 4. cxd5 Nxd5 5. e4 Nxc3 6. bxc3 Bg7 7. Bc4 O-O 8.
Ne2 c5 9. O-O Nc6 10. Be3 cxd4 11. cxd4 Bg4 12. f3 Na5 13. Bd3 Be6 14. Rc1 Bxa2
15. Qa4 Bb3 16. Qb4 b6 17. d5 Qd6 18. Qxd6 exd6 19. Rc7 Rfc8 20. Rfc1 Rxc7 21.
Rxc7 Ba4 22. Nd4 Bf6 23. Ba6 Bd8 24. Rc1 Kf8 25. Bb5 Bxb5 26. Nxb5 Ke7 27. Bf4
Kd7 28. Nd4 Be7 29. Kf2 Rc8 30. Rxc8 Kxc8 31. Nb5 a6 32. Nxd6+ Bxd6 33. Bxd6
Nc4 34. Bb4 a5 35. Bc3 b5 36. Ke2 b4 37. Bd4 b3 38. Kd1 a4 39. Kc1 a3 40. Bc3
Kd7 41. g3 Kd6 42. g4 g5 43. h3 Kc5 {#Diagram A nice Zugzwang} 44. Bf6 b2+ 45.
Kb1 Nd2+ 0-1

[Event "Club Championships"]
[Site "Wellington Chess Club"]
[Date "2013.08.29"]
[Round "5"]
[White "Ker, Anthony"]
[Black "Van der Hoorn, Mark"]
[Result "1/2-1/2"]
[WhiteElo "2422"]
[BlackElo "2230"]

1. e4 d5 2. exd5 Qxd5 3. Nc3 Qa5 4. d4 Nf6 5. Nf3 Bf5 6. Bc4 e6 7. Bd2 c6 8.
Ne5 Bb4 9. g4 Be4 {#Diagram} 10. f3 $2 {This dissipates White's initiative.}  (
10. Nxe4 $1 Nxe4 11. c3 Be7 {(forced)} 12. Qf3 Nd6 13. Bb3 {with an attractive
attacking position would be right up Anthony's alley} ) 10... Bd5 11. g5 Nfd7
12. Nxd5 Bxd2+ 13. Qxd2 Qxd2+ 14. Kxd2 Nxe5 15. Nc7+ Kd7 16. dxe5 Kxc7 17. f4
Nd7 18. Be2 Rad8 19. Ke3 Nb6 20. c4 c5 21. Rad1 Nc8 22. Bf3 Rxd1 23. Rxd1 h6
24. g6 fxg6 25. Rg1 Ne7 26. Be4 g5 27. fxg5 hxg5 28. Rxg5 g6 29. Rg2 Rh6 30. b3
b6 31. Kf4 Rh4+ 32. Kf3 Rh6 33. Kg4 Rh5 34. Kf4 Rh4+ 35. Kf3 Rh6 1/2-1/2

[Event "Club Championships"]
[Site "Wellington Chess Club"]
[Date "2013.08.29"]
[Round "5"]
[White "Marney, John"]
[Black "Veldhuizen, Matt"]
[Result "1-0"]
[WhiteElo "1600"]
[BlackElo "1574"]

1. e4 c6 2. d4 d5 3. exd5 cxd5 4. c4 Nf6 5. Nc3 Nc6 6. Bg5 e6 7. c5 a6 8. Nf3
Be7 9. a3 O-O 10. Bd3 Bd7 11. O-O b6 12. b4 b5 13. Bc2 Qc7 14. Qd3 g6 15. Rfe1
Rfe8 16. Rad1 Nh5 17. Bh6 Qd8 18. Ne5 Bf6 19. Nxd7 Qxd7 20. g4 Ng7 21. Qf3
{#Diagram} 21... Bxd4 $2 22. Rxd4 $1 Nxd4 23. Qf6 Nf3+ 24. Kh1 Nf5 25. gxf5 1-0

[Event "Club Championships"]
[Site "Wellington Chess Club"]
[Date "2013.08.29"]
[Round "5"]
[White "Miriyala, Rama Rao"]
[Black "Rossiter, Philip"]
[Result "1-0"]
[WhiteElo "1906"]
[BlackElo "1836"]

1. Nf3 d5 2. d4 Bg4 3. Ne5 Bh5 4. Bf4 f6 5. Nf3 Nc6 6. Nbd2 Qd7 7. e3 e6 8. Be2
Nge7 9. O-O O-O-O 10. c4 g5 11. Bg3 Nf5 12. c5 Bxf3 13. Nxf3 h5 14. h4 g4 15.
Nd2 Bh6 16. Qb3 Ncxd4 17. exd4 Bxd2 18. Qd3 Ba5 19. b4 Bxb4 20. c6 Qxc6 21.
Rfc1 Nxg3 22. Rxc6 Nxe2+ 23. Qxe2 bxc6 24. Qxe6+ Rd7 25. Qxc6 1-0

[Event "Club Championships"]
[Site "Wellington Chess Club"]
[Date "2013.08.29"]
[Round "5"]
[White "Nijman, Brian"]
[Black "Dive, Russell"]
[Result "0-1"]
[WhiteElo "2186"]
[BlackElo "2421"]

1. d4 Nf6 2. Bg5 Ne4 3. Bf4 d5 4. f3 Nd6 5. Nc3 Nf5 6. e4 dxe4 7. Nb5 Na6 8.
fxe4 Nh4 9. Nf3 Bg4 10. Bg3 Nxf3+ 11. gxf3 Bh5 12. Nc3 e6 {#Diagram A recurring
challenge for chess players appears. To capture on a6 (or a3) or not. Beginners
will do it every time. Look its 3 points versus 3 points and I create 3
isolated pawns and a set of doubled pawns in one go! And black has to capture
away from the centre! Woo hoo! Real players know that giving up the bishop pair,
relieving black from possession of a sidelined piece and opening a useful file
makes this capture distinctly double edged. Brian is a real player and I bet he
spent time here.} 13. Bxa6 bxa6 14. Qd3 Bd6 15. O-O-O Qg5+ 16. Kb1 Qa5 17. Rhg1
O-O 18. h4 f6 19. Bxd6 cxd6 20. Rg3 Rab8 21. Rdg1 Rf7 22. Ne2 e5 23. d5 Qb5 24.
Qxb5 axb5 25. R1g2 Rbb7 {This might look mysterious, but it liberates the other
rook and hence prepares f5. The computer points out that Black could actually
play f5 first}  ( {as if} 25... f5 26. exf5 Rbb7 {the f5 pawn can't be
defended} ) 26. Nc1 f5 $1 {Suddenly Black's position blossoms, white has real
issues defending the e pawn} 27. b4 $2 {Fiddling while Rome burns} 27... fxe4
28. fxe4 Bf3 {A few deft strokes and White's position is falling apart.} 29.
Rd2 Rbc7 30. Kb2 Rc4 31. a3 Rxe4 32. h5 {The bishop is keeping Rg3 out of the
game, so in desperation White tries to lure it away} 32... Rh4 {So Russell
pockets the second pawn without moving the bishop!} 33. Nb3 Rxh5 34. Rd3 e4 35.
Rc3 Rxd5 36. Na5 g5 37. Nc6 g4 38. Nd8 Re7 0-1

[Event "Club Championships"]
[Site "Wellington Chess Club"]
[Date "2013.08.29"]
[Round "5"]
[White "Nyberg, Michael"]
[Black "Sellen, Ian"]
[Result "0-1"]
[WhiteElo "2027"]
[BlackElo "2072"]

1. d4 e6 2. Bf4 {An early departure from the book} 2... d5 3. g3 Bd6 {Moral
dilemma - what to do when your opponent closes his eyes and starts snoring?} 4.
Bd2 $2 {I don't like this move at all - White is going to find it hard to
develop normally now} 4... Nf6 5. Bg2 Nc6 6. c3 $2 {now where is the b1 knight
going to go?} 6... Qe7 {To support a possible pawn push to e5, and also to stop
the knight developing. } 7. Nf3 Bd7 8. Qc2 e5 9. dxe5 Nxe5 10. Bg5 c6 11. Nbd2
h6 12. Be3 ( {Better} 12. Bxf6 Nxf3+ 13. Bxf3 Qxf6 14. O-O)  ( {or} 12. Nxe5
Bxe5 13. Bxf6 Bxf6 14. O-O) 12... Neg4 13. Bd4 O-O 14. h3 Rfe8 15. O-O-O Ne5
16. g4 {maybe not best at this stage, as it leaves holes on h4 and f4} 16...
Ng6 17. g5 {Continuing the slightly overambitious plan} 17... hxg5 18. Nxg5 Bf4
(18... Qxe2 {immediately is also possible, but I liked the pin on d2} ) 19. Nf3
( {I was expecting} 19. h4 { The move played makes my life easier} ) 19... Qxe2
20. Bf1 $4 {an unfathomable mistake - game over} 20... Qxf3 21. Bd3 Ne4 22.
Rhg1 Bf5 23. Bxe4 Bxe4 24. Qb3 Qd3 25. Be3 Bxe3 26. fxe3 Re7 27. Nxe4 Qxe4 28.
Rg3 Ne5 29. Rdg1 g6 30. Qa3 Nc4 31. Qb4 Rae8 32. Qb3 Nxe3 33. Re1 Qf4 0-1

[Event "Club Championships"]
[Site "Wellington Chess Club"]
[Date "2013.08.29"]
[Round "5"]
[White "Tionko, Efrain"]
[Black "Stracy, Don"]
[Result "1-0"]
[WhiteElo "1844"]
[BlackElo "1851"]

1. e4 c5 2. Nf3 e6 3. d3 Nc6 4. g3 g6 5. Bg2 Bg7 6. O-O Nge7 7. c3 O-O 8. Be3
d6 9. Qc1 Bd7 10. Bh6 f5 11. Bxg7 Kxg7 12. h4 Ng8 13. Nbd2 Nf6 14. Re1 Qc7 15.
a3 a5 16. a4 Rac8 17. exf5 exf5 18. Nc4 Rfe8 19. Qf4 Rxe1+ 20. Rxe1 d5 21. Qxc7
Rxc7 22. Nb6 d4 23. Ng5 h6 24. Nxd7 Rxd7 25. Ne6+ Kf7 26. Nxc5 Rc7 27. cxd4
Nxd4 28. Nxb7 Nb3 29. Nd6+ Kg7 30. Nc4 Rd7 31. Rd1 Rd4 32. Bc6 Nd5 33. Bxd5
Rxd5 34. Kf1 Nc5 35. Nxa5 Nxa4 36. Nc4 Nc5 37. Ke2 Kf6 38. d4 Ne6 39. Ke3 g5
40. hxg5+ hxg5 41. f4 gxf4+ 42. gxf4 Nc5 43. Rd2 Ne4 44. Rd3 Ke6 45. b3 Rb5 46.
Na3 Rb4 47. d5+ Kd7 48. Nc4 Nc5 49. Ne5+ Ke8 50. Rc3 Rxb3 51. Rxb3 Nxb3 52. d6
Nc5 53. Nc4 Kd7 54. Kd4 {#Diagram} 54... Ne6+ $2 (54... Kc6 $1 55. Ke5 Nb7 56.
Kxf5 (56. Ke6 Kc5) 56... Kc5) 55. Ke5 Ng7 56. Kf6 Ne8+ 57. Kxf5 Nxd6+ 58. Nxd6
Kxd6 59. Kf6 Kd7 60. Kf7 Kd6 61. f5 Kd7 62. f6 1-0

[Event "Club Championships"]
[Site "Wellington Chess Club"]
[Date "2013.08.29"]
[Round "5"]
[White "Wight, Joshua"]
[Black "Konakanchi, Karthik"]
[Result "1-0"]
[WhiteElo "1231"]
[BlackElo "927"]

1. e4 e5 2. Nf3 Nc6 3. Bc4 Bc5 4. O-O Nf6 5. d3 O-O 6. Nc3 d6 7. Bg5 h6 8. Bxf6
Qxf6 9. Nd5 Qd8 10. c3 Na5 11. b4 c6 12. bxc5 cxd5 13. Bxd5 dxc5 14. Nxe5 Qf6
15. d4 cxd4 16. cxd4 Rb8 17. Re1 Qd8 18. Nf3 Bg4 19. Qd3 Bxf3 20. Qxf3 Qe7 21.
Rab1 b6 22. Red1 Nb7 23. Rb3 Nd6 24. e5 Rfe8 25. h3 Nb7 26. Ra3 a5 27. Rb3 Nd8
28. Rdb1 Qa7 29. Qe3 Kf8 30. Rb5 Kg8 31. f4 Kh8 32. Kh1 f6 33. Qb3 a4 34. Qb4
{#Diagram Total domination} 34... Nc6 35. Bxc6 Re6 36. Rxb6 Rxc6 37. Rxb8+ Kh7
38. exf6 Rxf6 39. g3 Qa6 40. Rb6 Qa8+ 41. Kh2 Rxb6 42. Qxb6 Qf3 43. Rb2 a3 44.
Rd2 Qe3 45. Qa5 Qe1 46. d5 Qe4 47. d6 Qb7 48. d7 Qxd7 49. Rxd7 Kh8 50. Qf5 g6
51. Qxg6 h5 52. Qg7# 1-0

[Event "Club Championships"]
[Site "Wellington Chess Club"]
[Date "2013.08.30"]
[Round "5"]
[White "Wevita, Roshan"]
[Black "Brockway, Andrew"]
[Result "0-1"]
[WhiteElo "1511"]
[BlackElo "1770"]

1. e4 c5 2. Nf3 g6 3. Bc4 Bg7 4. c3 e6 5. d4 d5 6. exd5 exd5 7. Bb5+ Bd7 8.
Bxd7+ Nxd7 9. Qb3 Qe7+ 10. Be3 cxd4 11. Nxd4 Nb6 12. O-O Nf6 13. Nd2 O-O 14.
Rfe1 Qd7 15. a4 Rac8 16. Nb5 Nc4 17. Nxa7 Nxd2 18. Bxd2 Rc4 19. Be3 Ng4 20.
Rad1 Nxe3 21. fxe3 Qxa4 22. Qxb7 Rc5 23. Ra1 Qe4 24. Nc6 Bf6 25. Ra7 Qe6 26.
Nb4 Bg5 27. Nc2 Bf6 28. e4 d4 29. Nxd4 Bxd4+ 30. cxd4 Rcc8 31. d5 Qd6 32. e5
Qc5+ 33. Kf1 Rb8 34. Qd7 Rxb2 35. Re2 Rb1+ 36. Re1 Qc4+ 37. Kf2 Qf4+ 38. Ke2
Rb2+ 39. Kd3 Qd2+ 40. Kc4 Qxe1 41. e6 Qb4+ 42. Kd3 Qd2+ 43. Kc4 Rc2+ 44. Kb5
Rb8+ 45. Rb7 Qd3+ 46. Kb6 Qd4+ 47. Ka6 Ra8+ 48. Kb5 Qc5# 0-1

[Event "Club Championships"]
[Site "Wellington Chess Club"]
[Date "2013.09.05"]
[Round "6"]
[White "Bennett, Ezra"]
[Black "Wight, Joshua"]
[Result "0-1"]
[WhiteElo "853"]
[BlackElo "1231"]

1. d4 d5 2. c4 c6 3. e3 Nf6 4. Nf3 Bg4 5. Nc3 e6 6. Be2 Bb4 7. Bd2 Bxc3 8. Bxc3
Nbd7 9. O-O O-O 10. Ne5 Bxe2 11. Qxe2 Nxe5 12. dxe5 Ne4 13. Bd4 c5 14. Bc3 Nxc3
15. bxc3 f6 16. f4 Qc7 17. Rf3 fxe5 18. e4 d4 19. Rh3 Rf6 20. Qh5 Rh6 21. Qf3
Rxh3 22. Qxh3 Re8 23. Qh5 g6 24. Qh6 exf4 25. Rf1 e5 26. cxd4 cxd4 27. Qh3 Qxc4
28. Qd7 Qc8 29. Qh3 Qxh3 30. gxh3 d3 31. Rd1 Rd8 32. Kf2 h5 33. Ke1 Kf7 34. Kd2
Kf6 35. h4 b5 36. Rc1 Rd6 37. Rc5 a6 38. Rc8 Kf7 39. Rc7+ Kf8 40. Rc8+ Ke7 41.
Rc7+ Kd8 42. Rg7 a5 43. Rg8+ Ke7 44. Rb8 f3 45. Ke3 d2 46. Rb7+ Kf6 47. Rxb5
d1=Q 48. Rd5 Rxd5 49. exd5 Qxd5 0-1

[Event "Club Championships"]
[Site "Wellington Chess Club"]
[Date "2013.09.05"]
[Round "6"]
[White "Brockway, Andrew"]
[Black "Sknar, Andrew"]
[Result "1-0"]
[WhiteElo "1770"]
[BlackElo "1370"]

1. e4 e5 2. Nf3 Nc6 3. Bb5 Qf6 4. Nc3 Nge7 5. d3 Nd4 6. Nxd4 exd4 7. Ne2 c6 8.
Ba4 b5 9. Bb3 d5 10. exd5 Nxd5 11. Bxd5 cxd5 12. O-O Bd6 13. Ng3 g6 14. Re1+ (
14. Bh6 g5 15. Qh5 Rg8) 14... Be6 15. Qd2 h5 16. Qg5 Qg7 17. Qxd5 Kd7 18. Qxb5+
(18. Qb7+ Bc7 19. Bf4 Rhc8 20. Bxc7 Rxc7 21. Qxa8) 18... Kc7 19. Bd2 Rhb8 20.
Ba5+ Kc8 21. Qc6+ 1-0

[Event "Club Championships"]
[Site "Wellington Chess Club"]
[Date "2013.09.05"]
[Round "6"]
[White "Cunningham, Patrick"]
[Black "Wevita, Roshan"]
[Result "1-0"]
[WhiteElo "1590"]
[BlackElo "1511"]

1. e4 e5 2. Nf3 Nc6 3. Bb5 d6 4. O-O g6 5. d3 Bg7 6. Bg5 Nf6 7. Nc3 a6 8. Bxc6+
bxc6 9. d4 Qe7 10. dxe5 dxe5 11. Qd2 O-O 12. Rfd1 Bb7 13. Bxf6 Qxf6 14. Qd7
Rac8 15. Na4 Rfd8 16. Qg4 Qe7 17. Nc3 Qb4 18. Qg5 Rxd1+ 19. Rxd1 Qxb2 20. Rd8+
Rxd8 21. Qxd8+ Bf8 22. Qd3 Bb4 23. Nd1 Qa1 24. h3 c5 25. c3 Bxe4 26. Qd8+ Kg7
27. cxb4 cxb4 28. Kh2 Qxa2 29. Qxc7 b3 30. Qxe5+ f6 31. Qxe4 b2 32. Qb7+ Kh6
33. Qxb2 Qd5 34. Qd2+ Qxd2 35. Nxd2 Kg5 36. Kg3 a5 37. Nc3 Kf5 38. Nc4 1-0

[Event "Club Championships"]
[Site "Wellington Chess Club"]
[Date "2013.09.05"]
[Round "6"]
[White "Dive, Russell"]
[Black "Aldridge, Alan"]
[Result "1-0"]
[WhiteElo "2421"]
[BlackElo "1990"]

1. Nf3 d5 2. c4 c6 3. b3 Nf6 4. Bb2 h6 $6 {That's a weird looking move} 5. Qc2
Nbd7 6. g3 e6 7. Bg2 Bd6 8. d4 O-O 9. O-O Re8 10. Nc3 Qe7 11. Rad1 b6 12. e4
dxe4 13. Nxe4 Nxe4 14. Qxe4 Bb7 15. Rfe1 Nf6 16. Qc2 a5 17. Ne5 Qc7 18. c5 bxc5
19. dxc5 Be7 20. Bd4 Nd5 21. Nc4 Bf6 22. Nd6 Red8 23. Bxf6 Nxf6 24. Qc3 Nd5 25.
Qe5 Bc8 26. Bh3 Qa7 27. Qd4 Rb8 28. Bf1 Ba6 29. Bxa6 Qxa6 30. Re4 Nf6 31. Rf4
Rb4 32. Qe5 Rxf4 33. Qxf4 Qa7 34. Rc1 Nd5 35. Qf3 Rb8 36. Rc4 Rb4 37. a3
{#Diagram} 37... Rxc4 $2 {Walking into an attractive finishing sequence. It
would have been better to apologise, retreat and continue to try to sit tight,
but it's very understandable that this course of action was unpalatable.} 38.
bxc4 Qxc5 39. Qxf7+ Kh7 40. cxd5 Qxd6 41. dxe6 Qd1+ 42. Kg2 Qd5+ 43. Kh3 c5 44.
f4 $1 {Played instantly, and illustrative of the class gap between the top
players and the honest triers. It wasn't obvious to me as a spectator how White
should finish off, but to Houdini and Deep Dive it's very simple.} 44... Qc4
45. Qf5+ Kh8 46. e7 Qf1+ 47. Kh4 g5+ 48. Kh5 Qe2+ 49. Kg6 {Better than Kxh6...}
49... Qa6+ 50. Qf6+ {...because it supports this standard idea - bring the
checks to an end by organising a queen interpose that is itself a check.} 1-0

[Event "Club Championships"]
[Site "Wellington Chess Club"]
[Date "2013.09.05"]
[Round "6"]
[White "Heaton, Ken"]
[Black "Veldhuizen, Matt"]
[Result "1-0"]
[WhiteElo "1684"]
[BlackElo "1574"]

1. e4 e5 2. Nf3 d6 3. Nc3 Nf6 4. Be2 Nc6 5. d4 exd4 6. Nxd4 Bd7 7. Bg5 Be7 8.
Qd3 a6 9. O-O-O Ne5 10. Qd2 Nfg4 11. Bxe7 Qxe7 12. Nd5 Qd8 13. Bxg4 Bxg4 14. f3
Bd7 15. Qf4 O-O 16. Qg3 Qc8 17. Ne7+ 1-0

[Event "Club Championships"]
[Site "Wellington Chess Club"]
[Date "2013.09.05"]
[Round "6"]
[White "Ker, Anthony"]
[Black "Nijman, Brian"]
[Result "1-0"]
[WhiteElo "2422"]
[BlackElo "2186"]

1. e4 c5 2. c3 e6 3. d4 a6 4. Nf3 d5 5. e5 Bd7 6. Na3 cxd4 7. cxd4 Bb4+ 8. Bd2
Qa5 9. Bd3 Nc6 10. Nc2 Bxd2+ 11. Qxd2 Qxd2+ 12. Nxd2 Nge7 13. Nb3 Nf5 14. g4
Nh4 15. Ke2 Ke7 16. Nc5 Ra7 17. b4 Rha8 18. a4 Nb8 19. Rhc1 b6 20. Nxd7 Kxd7
21. b5 a5 22. Ne3 Ng6 23. Kf3 Rb7 24. Kg3 Raa7 25. Ra3 Rc7 26. Rf1 Ke8 27. f4
Nf8 28. f5 Rc8 29. Ng2 Rac7 30. Nf4 Rc3 31. Rxc3 Rxc3 32. Rf3 Ke7 33. Nh5 g6
34. Nf6 Nbd7 35. fxg6 fxg6 36. g5 {#Diagram Black's problem is that his knights
have no squares, and in fact no prospects of getting squares. Seriously try and
find a way to route a knight to an attractive spot, say f5 via g7. It's
impossible, only the three squares b8, d7 and f8 are available for two knights!
Consequently, it is basically impossible to resist the temptation to play
Nd7xf6 at some stage, with a consequent protected advanced passed pawn that
will continue to hog-tie Black } 36... Ra3 37. Bc2 Rxf3+ 38. Kxf3 Nxf6 39.
exf6+ Kd6 40. Kf4 Nd7 41. h4 e5+ 42. dxe5+ Nxe5 43. h5 d4 44. hxg6 hxg6 45. Ke4
Nf7 46. Kxd4 Nxg5 47. Bxg6 Ne6+ 48. Ke3 Ke5 49. f7 Kf6 50. Bh5 Kg5 51. Bd1 Kf6
52. Ke4 Kxf7 53. Kd5 Nd8 54. Kd6 Nb7+ 55. Kc7 Nc5 56. Kxb6 Nd7+ 57. Kc7 1-0

[Event "Club Championships"]
[Site "Wellington Chess Club"]
[Date "2013.09.05"]
[Round "6"]
[White "Konakanchi, Karthik"]
[Black "Sknar, Andrew"]
[Result "1-0"]
[WhiteElo "927"]
[BlackElo "958"]

1. e4 e5 2. Nf3 Nc6 3. Bc4 h6 4. O-O Nf6 5. Nc3 d5 6. exd5 Nd4 7. Nxd4 exd4 8.
Re1+ Be7 9. Bb5+ Bd7 10. Bxd7+ Qxd7 11. Ne2 Nxd5 12. Nxd4 O-O 13. Qf3 Qd6 14.
Nf5 Qf4 15. Nxe7+ Kh8 16. Nxd5 Qd6 17. d4 Rfe8 18. Bf4 Rxe1+ 19. Rxe1 Qb4 20.
Nxb4 g5 21. Be5+ Kh7 22. Qxf7# 1-0

[Event "Club Championships"]
[Site "Wellington Chess Club"]
[Date "2013.09.05"]
[Round "6"]
[White "List, Robert"]
[Black "Farrington, Lawrence"]
[Result "0-1"]
[WhiteElo "1702"]
[BlackElo "1761"]

1. e4 e5 2. Bc4 c6 3. Nc3 Nf6 4. Nf3 d5 5. exd5 cxd5 6. Bb3 Nc6 7. d4 exd4 8.
Nxd4 Bb4 9. O-O O-O 10. Bg5 Bxc3 11. bxc3 Be6 12. Re1 Re8 13. Qf3 Rc8 14. h3 h6
15. Bh4 g5 16. Bg3 Ne4 17. Nf5 Qf6 18. Nd4 Qxf3 19. gxf3 Nxc3 20. Nxe6 fxe6 21.
f4 Ne4 22. Bh2 Nd4 23. Re3 Nxb3 24. cxb3 Rc2 25. fxg5 Nxg5 26. Be5 Ne4 27. f3
Ng5 28. h4 Nf7 29. Bd4 b6 30. Bf6 Nd6 31. Be5 Nf5 32. Rd3 Kf7 33. Kh1 Nxh4 34.
f4 Nf5 35. Rf1 Rg8 36. Rff3 Rc1+ 37. Kh2 Rgc8 38. Rd2 R8c2 39. Rff2 Rxd2 40.
Rxd2 h5 41. Bb2 Rc8 42. Rg2 h4 43. Kh3 Rg8 44. Rc2 Rg3+ 45. Kh2 d4 46. Rc7+ Kg6
47. Rxa7 Re3 48. Bc1 Rd3 49. Rb7 Ne3 50. Rxb6 Kf5 51. a4 Rc3 52. Ba3 d3 53. Bb4
Rxb3 54. Bc5 Rxb6 55. Bxe3 Ra6 56. Kh3 Rxa4 57. Kxh4 e5 0-1

[Event "Club Championships"]
[Site "Wellington Chess Club"]
[Date "2013.09.05"]
[Round "6"]
[White "Pandey, Alok"]
[Black "Jackson, Ross"]
[Result "0-1"]
[WhiteElo "1901"]
[BlackElo "1990"]

1. d4 d5 2. c4 e6 3. Nc3 c6 4. Nf3 Nf6 5. Bg5 Nbd7 6. e3 Qa5 7. Nd2 dxc4 8.
Bxf6 Nxf6 9. Bxc4 Bb4 10. Qc2 O-O 11. O-O e5 12. a3 Be7 13. b4 Qc7 14. Rad1
exd4 15. Nb5 Qb8 16. Nxd4 a5 17. b5 cxb5 18. Nxb5 Ra6 19. a4 Rc6 20. Qb3 Ng4
21. Nf3 Rf6 22. Nbd4 Bb4 23. h3 Ne5 24. Nxe5 Qxe5 25. Nf3 Qc7 26. Bd5 Rg6 27.
Kh1 Be6 28. Rd4 Bc5 29. Rc1 b6 30. Bxe6 Rxe6 31. Qd5 Qe7 32. Rg4 Rd8 33. Qb3
Rf6 34. Kg1 Rfd6 35. Kf1 Rd3 36. Qb2 g6 37. Qe5 Qd7 38. Qf6 Rd1+ 39. Rxd1 Qxd1+
40. Ne1 Rd2 41. Qf3 Bb4 42. g3 Qxa4 43. Qa8+ Kg7 44. Nf3 Qb5+ 45. Kg2 Rd1 46.
Nh2 Qd5+ 47. Qxd5 Rxd5 48. Nf3 Bc5 49. Ra4 Bb4 50. Nd4 Bc3 51. Ne2 Bb4 52. Kf3
Rf5+ 53. Nf4 b5 54. Ra2 Bc3 55. g4 Rf6 56. Ke4 Rd6 57. Ne2 Be1 58. Nd4 Rb6 59.
f4 a4 60. Kd5 Bc3 61. Nxb5 Rxb5+ 62. Kc4 Rb2 63. Rxa4 Be1 64. e4 Rf2 65. f5
gxf5 66. gxf5 Rf3 67. Ra1 Bh4 68. Rh1 Kf6 69. Kd5 Rd3+ 70. Kc4 Rd2 71. Kc3 Rd7
72. Rh2 Ke5 73. Re2 Bf6 74. Re1 0-1